01241nam a22001697a 4500999001900000008004100019100002700060245004900087260003600136300003200172520067100204650003300875773003600908906001300944942000700957952010700964 c521141d521141221216b ||||| |||| 00| 0 eng d aMortimer, Sarah936314 aWarfare, Christianity, and the law of nature aJournal of the History of Ideas a83(4), Oct, 2022: p.613-628 aEarly modern efforts to justify warfare entailed serious reflection on the relationship between Christianity and nature or natural law. Those working in a Thomist tradition could draw on a concept of natural law as an ethical system distinct from Christianity; others rejected that concept, working instead to show that warfare could form part of the duties of Christians. All sides recognized the tension between the words of Christ and the demands of human political life, especially when it came to defending military activity. That tension produced creative discussions of natural law, political thought, and theology, in the universities and beyond.-Reproduced  aChristianity, Warfare936315 aJournal of the History of Ideas aRELIGION cAR 00102ddc40709395192aIIPAbIIPAd2022-12-16h83(4), Oct, 2022: p.613-628pAR127702r2022-12-16yAR